[Event "GER-chT U20"]
[Site "Osnabrueck"]
[Date "2018.12.28"]
[Round "4.5"]
[White "Waibel, Christian"]
[Black "Laskow, Vincent"]
[Result "0-1"]
[WhiteElo "1654"]
[BlackElo "1840"]
[PlyCount "84"]
[EventDate "2018.12.27"]
[EventType "team-swiss"]
[EventRounds "7"]
[EventCountry "GER"]
[SourceTitle "CBM 188 Extra"]
[Source "ChessBase"]
[SourceDate "2019.02.26"]
[SourceVersion "1"]
[SourceVersionDate "2019.02.26"]
[SourceQuality "1"]
[WhiteTeam "Schwaebisch Gmuend"]
[BlackTeam "Hoyerswerda"]
[WhiteTeamCountry "GER"]
[BlackTeamCountry "GER"]

1. e4 c5 2. Nf3 d6 3. Bb5+ Bd7 4. Bxd7+ Nxd7 5. 0-0 Ngf6 6. Nc3 g6 7. d3 Bg7 8. Bg5 0-0 9. Qd2 Re8 10. Rfe1 e6 11. d4 cxd4 12. Nxd4 a6 13. Rad1 Ne5 14. b3 Qc7 15. Na4 b5 16. Nb2 Rac8 17. f4 Nc6 18. c3 Nxd4 19. cxd4 d5 20. Bxf6 Bxf6 21. e5 Be7 22. Rc1 Qb6 23. b4 Kg7 24. a3 h5 25. Qe3 a5 26. Nd3 Rc4 27. Rb1 axb4 28. Nxb4 Qxd4 29. Qxd4 Rxd4 30. Nc6 Rxf4 31. Nxe7 Rxe7 32. Rxb5 Ra7 33. Rb3 Rfa4 34. Ree3 g5 35. Rg3 Kg6 36. Rbf3 g4 37. h3 Re4 38. hxg4 hxg4 39. Re3 Raa4 40. Rxe4 Rxe4 41. Kf2 Kf5 42. a4 Rxa4 0-1

[Event "GER-chT U20"]
[Site "Osnabrueck"]
[Date "2018.12.27"]
[Round "2.5"]
[White "Hoffmann, Lennard"]
[Black "Laskow, Vincent"]
[Result "0-1"]
[WhiteElo "1995"]
[BlackElo "1840"]
[PlyCount "82"]
[EventDate "2018.12.27"]
[EventType "team-swiss"]
[EventRounds "7"]
[EventCountry "GER"]
[SourceTitle "CBM 188 Extra"]
[Source "ChessBase"]
[SourceDate "2019.02.26"]
[SourceVersion "1"]
[SourceVersionDate "2019.02.26"]
[SourceQuality "1"]
[WhiteTeam "Magdeburg Aufbau Elbe"]
[BlackTeam "Hoyerswerda"]
[WhiteTeamCountry "GER"]
[BlackTeamCountry "GER"]

1. e4 c5 2. Nf3 d6 3. d4 cxd4 4. Nxd4 Nf6 5. Nc3 a6 6. Be3 e5 7. Nb3 Be7 8. h3 Be6 9. f4 exf4 10. Bxf4 Nc6 11. Qe2 Qc7 12. 0-0-0 0-0 13. Kb1 b5 14. g4 b4 15. Nd5 Bxd5 16. exd5 Ne5 17. g5 Nfd7 18. Nd4 Rfc8 19. Qg2 Bf8 20. h4 Nb6 21. Bxe5 dxe5 22. Nc6 Qd6 23. Qe4 g6 24. Bg2 Bg7 25. h5 Rc7 26. hxg6 fxg6 27. Nxb4 Rc4 28. Qd3 Rd4 29. Qa3 Qxb4 30. Rxd4 Qxa3 31. bxa3 exd4 32. Bh3 Rd8 33. Be6+ Kh8 34. Bf7 Rd6 35. Re1 Bf8 36. Rf1 Be7 37. Be6 Bxg5 38. Rf8+ Kg7 39. Rf7+ Kh6 40. Ra7 Nxd5 41. Bg8 Nf6 0-1

[Event "Hradec Kralove op 7th"]
[Site "Hradec Kralove"]
[Date "2016.10.07"]
[Round "8"]
[White "Pawicka, Magdalena"]
[Black "Laskow, Vincent"]
[Result "0-1"]
[WhiteElo "1485"]
[BlackElo "1858"]
[PlyCount "60"]
[EventDate "2016.10.01"]
[EventType "swiss"]
[EventRounds "9"]
[EventCountry "CZE"]
[SourceTitle "EXT 2017"]
[Source "ChessBase"]
[SourceDate "2016.10.25"]
[SourceVersion "1"]
[SourceVersionDate "2016.10.25"]
[SourceQuality "1"]

1. e4 c5 2. Nf3 d6 3. d4 cxd4 4. Nxd4 Nf6 5. Nc3 a6 6. Be3 e5 7. Nb3 Be7 8. f3 Be6 9. Qd2 0-0 10. 0-0-0 a5 11. Qf2 Qc8 12. g4 a4 13. Nd2 a3 14. Nd5 axb2+ 15. Kxb2 Bxd5 16. exd5 Rxa2+ 17. Kxa2 Qxc2+ 18. Ka3 Qxd1 19. Bg2 Qc2 20. Ne4 Qd3+ 21. Kb2 Qb5+ 22. Ka1 Nxd5 23. Rb1 Qa4+ 24. Kb2 Qb4+ 25. Ka2 Qc4+ 26. Kb2 Nc6 27. g5 Ra8 28. Ra1 Qb4+ 29. Kc2 Nxe3+ 30. Qxe3 Rxa1 0-1

[Event "GER-chT U16"]
[Site "Lingen"]
[Date "2015.12.29"]
[Round "6.3"]
[White "Laskow, Vincent"]
[Black "Gula, Julian"]
[Result "1-0"]
[WhiteElo "1688"]
[BlackElo "1728"]
[PlyCount "67"]
[EventDate "2015.12.27"]
[EventType "team-swiss"]
[EventRounds "7"]
[EventCountry "GER"]
[SourceTitle "EXT 2017"]
[Source "ChessBase"]
[SourceDate "2016.10.25"]
[SourceVersion "1"]
[SourceVersionDate "2016.10.25"]
[SourceQuality "1"]
[WhiteTeam "Hoyerswerda"]
[BlackTeam "Duesseldorf Sued"]
[WhiteTeamCountry "GER"]
[BlackTeamCountry "GER"]

1. e4 c5 2. c3 d5 3. exd5 Nf6 4. d4 cxd4 5. Nf3 Nxd5 6. Bc4 e6 7. cxd4 Nc6 8. Nc3 Bb4 9. Bd2 0-0 10. Bxd5 exd5 11. 0-0 Bg4 12. Be3 Na5 13. h3 Bh5 14. g4 Bg6 15. Ne5 Nc4 16. Nxc4 dxc4 17. Qf3 f5 18. Qxb7 Bxc3 19. bxc3 f4 20. Bd2 f3 21. Qb5 Qh4 22. Qxc4+ Bf7 23. Qc7 Qxh3 24. Qg3 Qxg3+ 25. fxg3 Bc4 26. Rf2 Rab8 27. Bf4 Rb6 28. Rxf3 Be2 29. Re3 Bxg4 30. Re7 a6 31. Be5 Rg6 32. Rb1 Bf3 33. Rb6 Bc6 34. Rxc6 1-0

[Event "GER-chT U16"]
[Site "Lingen"]
[Date "2015.12.27"]
[Round "2.3"]
[White "Laskow, Vincent"]
[Black "Sammet, Dominik"]
[Result "1-0"]
[WhiteElo "1688"]
[BlackElo "1789"]
[PlyCount "83"]
[EventDate "2015.12.27"]
[EventType "team-swiss"]
[EventRounds "7"]
[EventCountry "GER"]
[SourceTitle "EXT 2017"]
[Source "ChessBase"]
[SourceDate "2016.10.25"]
[SourceVersion "1"]
[SourceVersionDate "2016.10.25"]
[SourceQuality "1"]
[WhiteTeam "Hoyerswerda"]
[BlackTeam "Regensburg Bavaria"]
[WhiteTeamCountry "GER"]
[BlackTeamCountry "GER"]

1. d4 Nf6 2. Nf3 c5 3. c3 d5 4. Bf4 Nc6 5. e3 a6 6. Nbd2 Bf5 7. dxc5 e6 8. Nb3 Nd7 9. Bd3 Bxd3 10. Qxd3 Nxc5 11. Nxc5 Bxc5 12. 0-0 h6 13. Rfd1 Qf6 14. Bg3 0-0 15. Rd2 Rad8 16. Rad1 Kh8 17. Qc2 Be7 18. Nd4 Ne5 19. Bxe5 Qxe5 20. Qb3 b5 21. Nc6 Qg5 22. Nxd8 Rxd8 23. g3 Rc8 24. a4 Rb8 25. Qc2 Qg4 26. Rd4 Qh5 27. axb5 Rxb5 28. e4 g6 29. exd5 exd5 30. Qd2 Bg5 31. f4 Be7 32. Rxd5 Rxd5 33. Qxd5 Bc5+ 34. Kh1 Qe2 35. Qe5+ Qxe5 36. fxe5 a5 37. Rd5 Bb6 38. Rb5 Bc7 39. Rb7 Bxe5 40. Rxf7 Kg8 41. Ra7 Kf8 42. Rxa5 1-0